书目信息 |
| 题名: |
刘亚洲文集
|
|
| 作者: | 刘亚洲 著 | |
| 分册: | 卷八 散文 杂文卷 | |
| 出版信息: | 武汉 长江文艺出版社 2014 |
|
| 页数: | 279页 | |
| 开本: | 25cm | |
| 丛书名: | ||
| 单 册: | ||
| 中图分类: | Z427.6 | |
| 科图分类: | ||
| 主题词: | 散文集--中国--当代 , 杂文--作品集--中国--当代 | |
| 电子资源: | ||
| ISBN: | 978-7-5354-7656-2 | |
| 000 | 01438nam0 2200253 450 | |
| 001 | 012001003285 | |
| 005 | 20140926114739.0 | |
| 010 | @a978-7-5354-7656-2@b精装@dCNY58.00 | |
| 100 | @a20150325d2014 em y0chiy50 ea | |
| 101 | 0 | @achi |
| 102 | @aCN@b420000 | |
| 105 | @ay z 000cy | |
| 106 | @ar | |
| 200 | 1 | @a刘亚洲文集@9liu ya zhou wen ji@h卷八@i散文 杂文卷@f刘亚洲著 |
| 210 | @a武汉@c长江文艺出版社@d2014 | |
| 215 | @a279页@d25cm | |
| 330 | @a卷八是散文杂文卷。刘亚洲作为前国家主席李先念女婿,中国解放军高级将领,国防大学政委,空军上将,其特殊身份决定其作品具有特殊出版价值。他的作品横跨政治、军事、历史、经济、科学等多元向度。具有极其特殊的地位和价值。刘亚洲的作品因内容尖锐、观点犀利,常常一经发表即可引发军内乃至社会人士广泛关注,强烈反响,继而迅猛传播,产生争议无限,他的作品篇篇经典、历久弥新,军中长期流传“刘亚洲作品必人手一册”的说法。又因其特殊身份,使其拥有非比寻常的视野和非同一般的信息,他的军事报告文学等作品具有独特的开创性,因此被称为“高层文胆”。此次《刘亚洲文集》(1-9卷)是刘亚洲创作30年来全部作品的首次结集出版,由刘亚洲本人亲自遴选修订,经典丛书完整呈现,全球视野宏大叙事,题材多样,内涵深远,囊括长篇小说、中短篇小说、报告文学、散文、剧本、文论等多种题材。 | |
| 600 | 0 | @a刘亚洲@f(1953- )@j文集 |
| 606 | 0 | @a散文集@y中国@z当代 |
| 606 | 0 | @a杂文@x作品集@y中国@z当代 |
| 690 | @aZ427.6@v5 | |
| 701 | 0 | @a刘亚洲@9liu ya zhou@4著 |
| 801 | 0 | @aCN@b上海新华@c20180901 |
| 905 | @b1154223-7@dZ427.6@e76@f5 | |
| 刘亚洲文集.卷八.散文 杂文卷/刘亚洲著.-武汉:长江文艺出版社,2014 |
| 279页;25cm |
| ISBN 978-7-5354-7656-2(精装):CNY58.00 |
| 卷八是散文杂文卷。刘亚洲作为前国家主席李先念女婿,中国解放军高级将领,国防大学政委,空军上将,其特殊身份决定其作品具有特殊出版价值。他的作品横跨政治、军事、历史、经济、科学等多元向度。具有极其特殊的地位和价值。刘亚洲的作品因内容尖锐、观点犀利,常常一经发表即可引发军内乃至社会人士广泛关注,强烈反响,继而迅猛传播,产生争议无限,他的作品篇篇经典、历久弥新,军中长期流传“刘亚洲作品必人手一册”的说法。又因其特殊身份,使其拥有非比寻常的视野和非同一般的信息,他的军事报告文学等作品具有独特的开创性,因此被称为“高层文胆”。此次《刘亚洲文集》(1-9卷)是刘亚洲创作30年来全部作品的首次结集出版,由刘亚洲本人亲自遴选修订,经典丛书完整呈现,全球视野宏大叙事,题材多样,内涵深远,囊括长篇小说、中短篇小说、报告文学、散文、剧本、文论等多种题材。 |
| ● |
| 相关链接 |
|
|
|
|
正题名:刘亚洲文集
索取号:Z427.6/76
 
预约/预借
| 序号 | 登录号 | 条形码 | 馆藏地/架位号 | 状态 | 备注 |
| 1 | 1154223 | 211542231 | 第二样本阅览室/ [索取号:Z427.6/76] | 在馆 | |
| 2 | 1154224 | 211542240 | 第三借阅区/ [索取号:Z427.6/76] | 在馆 | |
| 3 | 1154225 | 211542259 | 第三借阅区/ [索取号:Z427.6/76] | 在馆 | |
| 4 | 1154226 | 211542268 | 第三借阅区/ [索取号:Z427.6/76] | 在馆 | |
| 5 | 1154227 | 211542277 | 第三借阅区/ [索取号:Z427.6/76] | 在馆 |